| 000 | 00419nam a2200157Ia 4500 | ||
|---|---|---|---|
| 008 | 220216s9999 xx 000 0 und d | ||
| 100 | _aBates Kenneth | ||
| 245 | 0 | _aEnhancing the reversion resistance of natural rubber compounds | |
| 260 |
_bRubber World _c2013 |
||
| 300 | _a27-32 | ||
| 650 | _aNatural rubber | ||
| 650 | _aStruktol process | ||
| 650 | _aStruktol SA1341 | ||
| 650 | _aStruktol ZB47 | ||
| 942 | _cJS | ||
| 999 |
_c58636 _d58636 |
||